00846cam a2200217 45000010005000000200022000050200025000271000018000522450089000702500012001592600049001713000025002205000020002455000024002655040051002895050153003406500017004936510036005106510031005466510051005776647 a0198062176 (pbk.) a9780198062172 (pbk.)1 aNandy, Ashis.14aThe intimate enemy :bloss and recovery of self under colonialism /cby Ashis Nandy. a2nd ed. aNew Delhi ;bOxford University Press,c2009. axx, 132 p. ;c22 cm. aIncludes index. aPrevious ed.: 1983. aIncludes bibliographical references and index. aCONTENTS: Psychology of colonialism: sex, age and ideology in British India -- Uncolonized mind: a post-colonial view of India and the west.grt 0aImperialism. 0aIndiaxCivilizationy1765-1947. 0aIndiaxColonial influence. 0aIndiaxHistoryyBritish occupation, 1765-1947.